Statistics for Friends trivia challenge from "The One with the Embryos"

Click here to take the quiz!

General Stats

  • This quiz has been taken 208 times
  • The average score is 10 of 15

Answer Stats

HintAnswer% Correct
Monica categorizes her towels. How many categories are there?11
91%
How old Rachel guess Chandler was when he first touched a girl's breast?19
87%
What was Monica's nickname when she was a field hockey goalie?Big Fat Goalie
83%
His profession wasSpace Cowboy
83%
What part of the body did Chandler say Monica got a pencil stuck at age 12?Ear
82%
What is Joey's favorite food?Sandwiches
79%
Her actual favorite movie isWeekend at Bernie's.
78%
What is the name of Chandler's father's Las Vegas all-male burlesque?Viva Las Gaygas
76%
Joey had an imaginary childhood friend. His name wasMaurice
68%
Monica and I (Ross) had a grandmother who died. You both went to her funeral. Name that grandmother!Althea
64%
What did Rachel guess when asked what Chandler's job was?Transponster
64%
What is Monica's biggest pet peeve?Animals dressed as humans
62%
Every week the TV Guide comes to Chandler and Joey's apartment. What name appears on the address label?Ms. Chanandler Bong
42%
Rachel claims this is her favorite movieDangerous Liaisons
39%
According to Chandler, what phenomenon scares the bejesus out of him?Michael Flatley, Lord of the Dance
38%

Score Distribution

Percentile by Number Answered

Percent of People with Each Score

Your Score History

You have not taken this quiz